000 01327nam2a22002651 4500
001 RU\NLR\INFOCOMM21\5000049073
005 20250617031648.0
035 _a(NLR Aleph) 002409719
090 _a1809853
_c1809852
100 _a20050128d1964 |||y0rusy50 ca
101 0 _arus
102 _aRU
105 _ay ||||000|y
200 1 _aИспытание тонких конусов в свободном полете с целью определения влияния вязкости потока на характеристики конусов при полете с гиперзвуковой скоростью
_fБ. Дэйман
210 _d1964
_aБ. м.
225 1 _aПереводы
461 0 _1001RU\NLR\INFOCOMM21\5000048626
_12001#$aОбзоры. Переводы. Рефераты$fЦАГИ. Бюро науч. информации$v№119
_93998302
_aЦентральный аэрогидродинамический институт им. Н. Е. Жуковского (Москва)
_c[М.]
_d1962-
_fЦАГИ. Бюро науч. информации
_tОбзоры. Переводы. Рефераты
_v№119
700 1 _aДэйман
_bБ.
_4070
801 1 _aRU
_bInfoComm
_c20050128
801 0 _aRU
_bNLR
_gPSBO
852 _aNLR
_jП11/2256
942 _cISSUE
980 _aNB
980 _aRUSPER